Online katalóg knižníc regiónu Turca

Cudzia tvár v zrkadle (Record no. 21956)

MARC details
000 -LEADER
fixed length control field 01722cam a2200457 a 4500
001 - CONTROL NUMBER
control field 21956
003 - CONTROL NUMBER IDENTIFIER
control field VRT
005 - DATE AND TIME OF LATEST TRANSACTION
control field 20260316114217.0
008 - FIXED-LENGTH DATA ELEMENTS--GENERAL INFORMATION
fixed length control field 240226s1996 xo r 000 f slo
015 ## - NATIONAL BIBLIOGRAPHY NUMBER
National bibliography number SNBA1997/1002907
020 ## - INTERNATIONAL STANDARD BOOK NUMBER
International Standard Book Number 8085352729
035 ## - SYSTEM CONTROL NUMBER
System control number SNK000243477
035 ## - SYSTEM CONTROL NUMBER
System control number urn:nbn:sk:snk-amkghb
035 ## - SYSTEM CONTROL NUMBER
System control number urn:nbn:sk:snk-am002yku
035 ## - SYSTEM CONTROL NUMBER
System control number 1F0FD6B9-27FA-4022-ACAF-E509EB269D78
039 #9 - LEVEL OF BIBLIOGRAPHIC CONTROL AND CODING DETAIL [OBSOLETE]
Level of rules in bibliographic description 202408141138
Level of effort used to assign nonsubject heading access points csnk01
Level of effort used to assign subject headings 202408141138
Level of effort used to assign classification csnk01
Level of effort used to assign subject headings 202402261946
Level of effort used to assign classification VLOAD
Level of effort used to assign subject headings 202206121113
Level of effort used to assign classification AUTHORITY
040 ## - CATALOGING SOURCE
Original cataloging agency SNK
Language of cataloging slo
Transcribing agency SNK
Description conventions AACR2
041 1# - LANGUAGE CODE
Language code of text/sound track or separate title slo
Language code of original eng
044 ## - COUNTRY OF PUBLISHING/PRODUCING ENTITY CODE
MARC country code xo
ISO country code SK
080 ## - UNIVERSAL DECIMAL CLASSIFICATION NUMBER
Universal Decimal Classification number 820 (73)-3
Edition identifier 1981
100 1# - MAIN ENTRY--PERSONAL NAME
Personal name Sheldon, Sidney,
Dates associated with a name 1917-2007
Relationship aut
240 12 - UNIFORM TITLE
Uniform title A stranger in the mirror
Language of a work Slovensky
245 10 - TITLE STATEMENT
Title Cudzia tvár v zrkadle
Statement of responsibility, etc. Sidney Sheldon ; z amerického originálu A stranger in the mirror ... preložil Jozef Kot
250 ## - EDITION STATEMENT
Edition statement 1. vyd.
260 ## - PUBLICATION, DISTRIBUTION, ETC.
Place of publication, distribution, etc. Bratislava
Name of publisher, distributor, etc. Remedium
Date of publication, distribution, etc. 1996
300 ## - PHYSICAL DESCRIPTION
Extent 280 s.
Dimensions 21 cm
655 #7 - INDEX TERM--GENRE/FORM
Genre/form data or focus term americké romány
Source of term SNKPH
700 1# - ADDED ENTRY--PERSONAL NAME
Personal name Kot, Jozef,
Dates associated with a name 1936-2022
Relationship trl
911 ## - EQUIVALENCE OR CROSS-REFERENCE-CONFERENCE OR MEETING NAME [LOCAL, CANADA]
Meeting name or jurisdiction name as entry element KN 1997/10
Number [OBSOLETE] 02907
942 ## - ADDED ENTRY ELEMENTS (KOHA)
Source of classification or shelving scheme Dewey Decimal Classification
Koha item type Krásna literatúra pre dospelých
Suppress in OPAC No
949 ## - LOCAL PROCESSING INFORMATION (OCLC)
9 P60, <09>, [BOOK], {629}
a snkC 1549
b snk3024/970626
949 ## - LOCAL PROCESSING INFORMATION (OCLC)
6 17A0072385
9 P60, <03>, [BOOK], {603}
a snkSC 93466
b snkKSP 6619/97
s 6100:20140925
949 ## - LOCAL PROCESSING INFORMATION (OCLC)
6 17A0072384
9 P60, <05>, [BOOK], {605}
a snkSC 93466 D1
b snkKSP 6620/97
949 ## - LOCAL PROCESSING INFORMATION (OCLC)
6 2889106361
a savukPV 1033
949 ## - LOCAL PROCESSING INFORMATION (OCLC)
6 4710702019
a strmkB
b strmk2008/2019
949 ## - LOCAL PROCESSING INFORMATION (OCLC)
6 270001000009352
a svkbbA 92945
b svkbbm 623165
p 623.165
949 ## - LOCAL PROCESSING INFORMATION (OCLC)
6 273K0224114
a svkpoB 65357
b svkpo421738
949 ## - LOCAL PROCESSING INFORMATION (OCLC)
6 270001000029697
a svkbbA 92945
b svkbbm 607608
p 607.608
Holdings
Stav vyradenia Strata Poškodenie Spôsob nadobudnutia Domovská knižnica Aktuálna knižnica Dátum nadobudnutia Total checkouts Čiarový kód exemplára Date last seen Typ exemplára
      Dar Obecná knižnica Horná Štubňa Obecná knižnica Horná Štubňa 16.03.2026   9788085352726 16.03.2026 Krásna literatúra pre dospelých
Projekt je podporený Slovenskou asociáciou knižníc
Prevádzkuje Turčianska knižnica Martin 2026